000 00473nam a2200169 i 4500
001 78701
003 ES-MaACL
005 20230906173804.0
007 t|
008 041015s1977 sp ||||1| spa d
100 1 _aHalperin Donghi, Julio.
_961618
245 1 0 _aHistoria Contemporánea de América Latina /
_cJulio Halperin Dongui.
250 _a[5ª ed.].
260 _aMadrid :
_bAlianza,
_c[1977]
300 _a549 p. ;
_c18 cm.
852 _aES-MaACL
_jA-6404
_bR.95498
999 _c78701
_d78701